Early detection of breast cancer using advanced infrared thermography and classification using convolutional neural networks = (رقم التسجيلة. 86269)
[ عرض عادي ]
| 000 -الفاتح | |
|---|---|
| حقل البيانات ثابتة الطول | 01488cam a22002532a 4500 |
| 003 - محدد رقم الضبط | |
| رقم الضبط | OSt |
| 005 - وقت وتاريخ اخر تعامل مع التسجيلة | |
| رقم الضبط | 20241021142357.0 |
| 008 - عناصر البيانات ثابتة الطول - معلومات عامة | |
| حقل البيانات ثابتة الطول | 090131s2024 su a f m 000 0 eng c |
| 040 ## - مصدر الفهرسة | |
| وكالة الفهرسة الأصلية | Ma-Un |
| لغة الفهرسة | ara |
| وكالة النسخ | Ma-Un |
| 043 ## - رمز المنطقة الجغرافية | |
| رمز المنطقة الجغرافية | a-su--- |
| 082 04 - رقم تصنيف ديوى العشرى | |
| رقم التصنيف | 616.075 |
| رقم المادة | Z R E |
| رقم الطبعة | 21 |
| 100 1# - المدخل الرئيسى - إسم شخصى | |
| الإسم الشخصى | Al Zahrani, Riyadh Mohammed A. |
| 9 (RLIN) | 118483 |
| 245 10 - بيان العنوان | |
| العنوان | Early detection of breast cancer using advanced infrared thermography and classification using convolutional neural networks = |
| بقية العنوان | الكشف المبكر عن سرطان الثدي باستخدام التصوير الحراري بالأشعة المتقدمة تحت الحمراء والتصنيف باستخدام الشبكات العصبية الالتفافية / |
| بيان المسئوليه,etc | Prepared by Riyadh Mohammed A. Al Zahrani ؛ Mohamed Yacin Sikkandar. |
| 246 31 - العنوان الموازى | |
| عنوان صحيح/عنوان مختصر | الكشف المبكر عن سرطان الثدي باستخدام التصوير الحراري بالأشعة المتقدمة تحت الحمراء والتصنيف باستخدام الشبكات العصبية الالتفافية |
| 264 ## - النشر, التوزيع, ETC. (IMPRINT) | |
| مكان الناشر او الموزع | 2024 |
| تاريخ النشر أو التوزيع | 1445. |
| 300 ## - الوصف المادى | |
| التعداد | 64 sheets : |
| تفاصيل ماديه اخرى للوعاء | illustrations ؛ |
| أبعاد الوعاء | 30 cm. |
| 500 ## - تبصرة عامة | |
| تبصرة عامة | Mohamed Yacin Sikkandar. |
| 502 ## - تبصرة أطروحة | |
| تبصرة أطروحة | Thesis (Master) - Al-Majmaah University, Faculty of Applied Medical Sciences, Department of Medical Equipment Technology, 1445. |
| 504 ## - تبصرة ببليوجرافية | |
| تبصرة ببليوجرافية,الخ | Includes bibliographical references. |
| 650 #7 - المدخل الاضافى بالموضوع-مصطلح موضوعى | |
| مصطلح موضوعي أو اسم جغرافي كعنصر مدخل | Diagnostic |
| التقسيم الفرعي العام | Techniques |
| 9 (RLIN) | 118474 |
| 650 #7 - المدخل الاضافى بالموضوع-مصطلح موضوعى | |
| مصطلح موضوعي أو اسم جغرافي كعنصر مدخل | Breast |
| التقسيم الفرعي العام | Cancer |
| 9 (RLIN) | 118484 |
| 650 #7 - المدخل الاضافى بالموضوع-مصطلح موضوعى | |
| مصطلح موضوعي أو اسم جغرافي كعنصر مدخل | Infrared spectroscopy |
| 9 (RLIN) | 11949 |
| 942 ## - عناصر المدخل الإضافي( كوها) | |
| مصدر التصنيف او مخطط الترفيف | Dewey Decimal Classification |
| Koha [default] item type | أطروحة (رسائل جامعية) |
| حالة الفقد | نموذج السعر الفعال | حالة تلف | ليس للاعارة | رقم الطلب | تاريخ الاكتساب | الموقع الحالي | الباركود | الفرع الرئيسي | Date last seen | نوع المادة فى نظام كوها | مصدر التصنيف او خطة الترفيف | Total Checkouts |
|---|---|---|---|---|---|---|---|---|---|---|---|---|
| 2024-10-21 | Not For Loan | 616.075 Z R E | 2024-10-21 | المكتبة المركزية بالمجمعة (CL) | 00505037 | المكتبة المركزية بالمجمعة (CL) | 2024-10-21 | أطروحة (رسائل جامعية) | Dewey Decimal Classification |
